| 000 | 00575nam a22001937a 4500 | ||
|---|---|---|---|
| 003 | OSt | ||
| 005 | 20140310182844.0 | ||
| 008 | 130610t xxu||||| |||| 00| 0 eng d | ||
| 050 |
_aPE 1408 _b.W371 2009 |
||
| 082 |
_aM 808.02 _bW38 2009 |
||
| 245 |
_aRules of thumb : _bhow to stay productive and inspired even in the most turbulent times / _cWebber, Alan M. |
||
| 260 |
_aNew York : _bHarper, _c2009. |
||
| 300 |
_axvi, 270 p. : _bill. ; _c20 cm. |
||
| 521 | _acollege students | ||
| 526 | _c1210L-1700L | ||
| 541 | _j1 | ||
| 562 | _e1 | ||
| 942 |
_2lcc _cBK _kM |
||
| 999 |
_c16898 _d16898 |
||